Handbook of die design / (Record no. 7526)

MARC details
000 -LEADER
fixed length control field 01100nac a22002531u 4500
010 ## - LIBRARY OF CONGRESS CONTROL NUMBER
LC control number 96054307
020 ## - INTERNATIONAL STANDARD BOOK NUMBER
International Standard Book Number 0070666717 (alk. paper)
082 00 - DEWEY DECIMAL CLASSIFICATION NUMBER
Classification number 621.984
Item number SUC
090 ## - LOCALLY ASSIGNED LC-TYPE CALL NUMBER (OCLC); LOCAL CALL NUMBER (OCLC)
-- 7526
-- 7526
100 ## - MAIN ENTRY--PERSONAL NAME
Personal name Suchy, Ivana.
245 10 - TITLE STATEMENT
Title Handbook of die design /
Statement of responsibility, etc Ivana Suchy.
246 30 - VARYING FORM OF TITLE
Title proper/short title Die design
260 ## - PUBLICATION, DISTRIBUTION, ETC. (IMPRINT)
Place of publication, distribution, etc New York :
Name of publisher, distributor, etc McGraw-Hill,1998
Date of publication, distribution, etc c1998.
300 ## - PHYSICAL DESCRIPTION
Extent 1 v. (various pagings) :
Other physical details ill. ;
Dimensions 24 cm.
500 ## - GENERAL NOTE
General note distributer: Al-Ahram
504 ## - BIBLIOGRAPHY, ETC. NOTE
Bibliography, etc Includes bibliographical references and index.
511 ## - PARTICIPANT OR PERFORMER NOTE
Participant or performer note catalogued by: wessam
650 #0 - SUBJECT ADDED ENTRY--TOPICAL TERM
Topical term or geographic name as entry element Dies (Metal-working)
General subdivision Design
-- Handbooks, manuals, etc.
856 42 - ELECTRONIC LOCATION AND ACCESS
Materials specified Publisher description
Uniform Resource Identifier <a href="http://www.loc.gov/catdir/description/mh022/96054307.html">http://www.loc.gov/catdir/description/mh022/96054307.html</a>
856 42 - ELECTRONIC LOCATION AND ACCESS
Materials specified Table of contents only
Uniform Resource Identifier <a href="http://www.loc.gov/catdir/toc/mh022/96054307.html">http://www.loc.gov/catdir/toc/mh022/96054307.html</a>
856 42 - ELECTRONIC LOCATION AND ACCESS
Materials specified Contributor biographical information
Uniform Resource Identifier <a href="http://www.loc.gov/catdir/enhancements/fy0602/96054307-b.html">http://www.loc.gov/catdir/enhancements/fy0602/96054307-b.html</a>
942 ## - ADDED ENTRY ELEMENTS (KOHA)
Item type Book - Borrowing
Call number prefix 621.984SUC
Holdings
Withdrawn status Item status Damaged status Not for loan Home library Current library Shelving location Date acquired Source of acquisition Total Checkouts Total Renewals Full call number Barcode Date last seen Date last borrowed Koha item type
        Central Library Central Library First floor 27/01/2008 Purchase 1 1 621.984SUC 000008983 15/07/2025 01/03/2012 Book - Borrowing